000 00347nam a2200145Ia 4500
005 20251222140102.0
008 251222s1900||||xx |||||||||||||| ||spa||
020 _a8470507974
082 _a344.46/C28
100 _aCardeñosa Serrano, Rubén
245 0 _aNo Siempre lo Legal es Justo:
250 _a1ra. ed.
264 _bEDICEP
942 _cLIB
999 _c3977
_d3977